Condiciones laborales de los músicos en las distintas etapas de su carrera, músico emergente y músico consolidado

El músico cuando se enfrenta al campo laboral experimenta ciertas dificultades a la hora de insertarse dentro de éste, debido a que no existen muchas opciones de empleo que logren satisfacer de manera real sus actividades netamente musicales, como lo son la interpretación o la composición, entre otr...

Descripción completa

Detalles Bibliográficos
Autor principal: Rivas Barrera, Diego
Otros Autores: Campillay Llanos, Marisol (profesor guía), Silva Pérez, Alexis
Formato: Tesis
Lenguaje:español
Publicado: Santiago, Chile: Universidad Academia de Humanismo Cristiano, 2016.

MARC

LEADER 00000cmm a2200000 a 4500
001 044985
003 UAHC_CL
005 20220927165525.0
008 171116b2016 cl o d 000 spa
040 |a UAHC_CL  |c UAHC_CL  |d UAHC_CL 
100 |a Rivas Barrera, Diego  |9 784 
245 1 0 |a Condiciones laborales de los músicos en las distintas etapas de su carrera, músico emergente y músico consolidado  |c Riego Rivas, Alexis Silva; profesor guía Marisol Campillay. 
260 |a Santiago, Chile:  |b Universidad Academia de Humanismo Cristiano,   |c 2016. 
300 |a 248 páginas. 
500 |a Tesis para optar al grado de Licenciado/a en Música y al título de Compositor/a en Música Popular. 
502 |a Tesis (Composición Musical)--Universidad Academia de Humanismo Cristiano, 2016. 
516 |a Tesis electrónica (PDF). Solicitar envío de documento a biblioteca@academia.cl. 
520 |a El músico cuando se enfrenta al campo laboral experimenta ciertas dificultades a la hora de insertarse dentro de éste, debido a que no existen muchas opciones de empleo que logren satisfacer de manera real sus actividades netamente musicales, como lo son la interpretación o la composición, entre otras. Es por esto, que la siguiente investigación apunta a indagar y conocer de qué manera se hacen presente las leyes en las realidades laborales de los músicos y además, descubrir sí existen diferencias en los acuerdos o en sus derechos laborales a medida que trasciende su carrera musical. 
700 |a Campillay Llanos, Marisol  |e profesor guía  |9 785 
700 |a Silva Pérez, Alexis  |9 786 
900 |a TCMU 06 
942 |c TS 
952 |0 0  |1 0  |4 0  |6 TCMU_06_000000000000000  |7 0  |8 COMP  |9 88902  |a BC  |b BC  |c Digital  |d 2017-11-17  |o TCMU 06  |r 2019-12-02 00:00:00  |w 2017-11-17  |y TS  |z Documento en PDF  |B CMUS 
999 |c 49900  |d 49900